A natural history of beer / (Record no. 2612)

MARC details
000 -LEADER
fixed length control field 00746cam a2200253 i 4500
008 - FIXED-LENGTH DATA ELEMENTS--GENERAL INFORMATION
fixed length control field 180710s2019 ctua b 001 0 eng d
020 ## - INTERNATIONAL STANDARD BOOK NUMBER
ISBN 9780300233674
020 ## - INTERNATIONAL STANDARD BOOK NUMBER
ISBN 0300233671
100 1# - MAIN ENTRY--AUTHOR
Author DeSalle, Rob,
245 12 - TITLE STATEMENT
Title A natural history of beer /
Statement of responsibility, etc Rob DeSalle & Ian Tattersall ; illustrated by Patricia J. Wynne.
260 ## - PUBLICATION, DISTRIBUTION, ETC. (IMPRINT)
Place of publication London
Name of publisher Yale university press book
Date of publication 2019
300 ## - COLLATION
Pagination xi, 242 pages :
Other physical details illustrations ;
650 #0 - TRACINGS
Main Subject Beer
Subdivision (2nd) History.
650 #0 - TRACINGS
Main Subject Beer
Subdivision (2nd) Social aspects
-- History.
650 #0 - TRACINGS
Main Subject Brewing
Subdivision (2nd) History.
650 #0 - TRACINGS
Main Subject Fermentation
Subdivision (2nd) History.
650 #4 - TRACINGS
Main Subject Beer.
650 #7 - TRACINGS
Main Subject Beer.
700 1# - ADDITIONAL AUTHOR
Additional Author Tattersall, Ian,
700 1# - ADDITIONAL AUTHOR
Additional Author Wynne, Patricia,
942 ## - ADDED ENTRY ELEMENTS (KOHA)
Item type Books
050 00 - LIBRARY OF CONGRESS CALL NUMBER
Classification number TP577
Item number .D478 2019
082 04 - DEWEY DECIMAL CLASSIFICATION NUMBER
Classification number 641.23
Holdings
Source of classification or shelving scheme Not for loan Permanent location Current location Date acquired Accession No. Full call number Barcode. Koha item type
Library of Congress Classification   Medical Library Medical Library 03/24/2025 2024/63718 RZC6990.D47 2025-0900 Books